000 00917nam a22002897a 4500
001 BR0806663
003 BR-BrBNA
005 20230928102730.0
007 ta
008 230509b bl.||||| |||| 00| 0 por d
040 _aBR-BrBNA
_bpor
_cBiblioteca Nacional de Agricultura
041 _a(Por)
072 _aP40; E14
090 _ P40 BR0806663
100 1 _aMitidieri, F.J.
110 1 _aUniversidade de Brasília, DF (Brasil). Faculdade de Agronomia e Medicina Veterinária
_0Tese (Pós-Graduação em Agronegócios)
245 1 _aZoneamento agrícola de risco climático como ferramenta de auxílio ao seguro rural
260 3 _aBrasília, DF (Brasil):
_c2007.
300 _a37 p.
500 _aSummaries (Eng, Por); 16 ref.
650 _aZONEAMENTO AGRÍCOLA
650 _aCLIMA
650 _aPOLÍTICA AGRÍCOLA
650 _aSEGURO RURAL
909 _a202309
_bLucia
_c55
_dLucia Elande
942 _cBK
999 _c72247
_d72247